• 首页
  • 本馆介绍
  • 公告通知
  • 最新文献
  • 馆藏检索
  • 电子资源
  • 读者导购
  • 参考咨询
  • 我的图书馆
  • 登录
  • 详细信息显示
  • 放入我的书架
  • 预约/预借图书
  • 作者相关作品
  • 分类相关作品
  • 丛书相关作品
  • 出版社相关作品

书目信息

  • 表格格式
  • 工作单格式
  • 卡片格式
题名:
机械设计基础
    
 
作者: ;上海机械学院 编
分册: 上册  
出版信息: 上海   上海科学技术出版社  1978
页数: 325页
开本: 26cm
丛书名:
单 册:
中图分类: TH11
科图分类:
主题词: 机械学
电子资源:
ISBN:
000 00673nam0 2200241 45
001 0176000729
005 20060515110129.64
010    @dCNY1.40
091    @a15119.1906
100    @a19951016d1978 em y0chiy0121 ea
101 0  @achi
102    @aCN@b310000
105    @ay z 000yy
200 10 @a机械设计基础@Aji xie she ji ji chu@h上册@f上海机械学院编@Fshang hai ji xie xue yuan bian
205    @a新1版
210    @a上海@c上海科学技术出版社@d1978
215    @a325页@d26cm
606    @a机械学
690    @aTH11@v3
711 02 @a上海机械学院@Ashang hai ji xie xue yuan@4编
801  0 @aCN@bTSSF@c20060515
801  2 @aCN@bNLC@c20060511
905    @a10447@dTH11@e1:1=2
    
    机械设计基础.上册/上海机械学院编.-新1版.-上海:上海科学技术出版社,1978
    325页;26cm
    
    
    ISBN :CNY1.40
    
●
相关链接 在E读中查询图书 在五车中查询图书 在当当中查询图书 在豆瓣中查询图书


正题名:机械设计基础     索取号:TH11/1:1=2         预约/预借

序号 登录号 条形码 馆藏地/架位号 状态 备注
1 0003128   202340653   密集书库/ [索取号:TH11/1:1=2] 在馆    
2 0003129   202324920   密集书库/ [索取号:TH11/1:1=2] 在馆    
唐山师范学院图书馆 欢迎您!
大连网信软件有限公司© 版权所有